000 00790nam a2200265 i 4500
003 DO-SdBNP
005 20240711101500.0
007 ta
008 240711s2007 dr 001 0 spa d
020 _a9788483470503
040 _aDO-SdBNP
_bspa
_cBNPHU
_erda
082 _bP792h
_222
100 _aPonce Herrero, Gabino
_eautor
_986042
245 1 0 _aLa Habana, de colonia a metrópoli /
_cGabino Ponce Herrero
264 1 _aMadrid :
_bAgencia Española de Cooperación Internacional,
_c2007.
300 _a473 páginas :
_bilustraciones ;
_c31 cm.
336 _2rdacontent
_atexto
_btxt
337 _2rdamedia
_asin mediación
_bn
338 _2rdacarrier
_avolumen
_bnc
590 _aInventariado, 2024/ DG
700 _985934
700 _986038
910 _aDG
942 _2ddc
_cLBS1
999 _c57255
_d57255